00401pam a2200145a 44500008004100000020002600041082001500067100001800082245005800100260004700158300001100205502000900216906001100225999001900236230405s2022 xxu||||| |||| 00| 0 eng d a9788195350797cRs.450 a611.9bKAD aKadam,Supriya aBasic Concepts and Practice Workbook in Human Anatomy aNew DelhibEMMESS Medical Publishersc2022 a178 p. atext a004534 c252829d252829